| 000 | 00378nam a22001577a 4500 | ||
|---|---|---|---|
| 020 | _a0256019029 | ||
| 082 | _a657.45 MEI | ||
| 245 | _aPrinciples of Auditing | ||
| 250 | _a6th ed | ||
| 260 |
_aWestern Wichicago _bIrwin _c1977 |
||
| 300 |
_axix, _b738p |
||
| 500 | _aIncluding Index | ||
| 650 |
_aPrinciples of Auditing _98154 |
||
| 700 |
_aE. John Larsen _98155 |
||
| 942 | _cBK | ||
| 999 |
_c12885 _d12885 |
||